[Event "ÕÕÕII Nezhmetdinov Memorial"]
[Site "?"]
[Date "2010.06.01"]
[Round "2.43"]
[White "Lev, Nikolay"]
[Black "Talipov, Nafis"]
[Result "0-1"]
[WhiteElo "1735"]
[BlackElo "2050"]
[PlyCount "118"]
[EventDate "2010.06.01"]
[SourceDate "2010.06.02"]

1. d4 Nf6 2. Nf3 e6 3. Bg5 b6 4. e3 Bb7 5. Bd3 Be7 6. Nbd2 d6 7. O-O Nbd7 8.
Qe2 c5 9. c3 e5 10. dxe5 dxe5 11. e4 O-O 12. Nc4 Nh5 13. Bxe7 Qxe7 14. g3 g6
15. Rad1 Rad8 16. Ne3 Nhf6 17. Qc2 Nb8 18. c4 Rfe8 19. Nd5 Qd6 20. Rfe1 Nc6 21.
a3 Bc8 22. Ne3 Kg7 23. Be2 Nd4 24. Nxd4 exd4 25. f3 Qe5 26. Ng2 Bb7 27. Bd3 Qc7
28. Nf4 Re5 29. Qf2 b5 30. b3 bxc4 31. bxc4 Rde8 32. Rb1 g5 33. Nd5 Bxd5 34.
cxd5 R5e7 35. Bc4 Qd6 36. Rb5 g4 37. Bd3 Nxd5 38. fxg4 Nc3 39. Qf5 Re5 40. Qf4
Nxb5 41. Bxb5 Rb8 42. Bc4 Qe7 43. Rf1 f6 44. h4 Rd8 45. g5 fxg5 46. hxg5 Qxg5
47. Qf7+ Kh8 48. Kg2 Re7 49. Qf3 Qe5 50. Bd5 Qg5 51. Rh1 Qd2+ 52. Kh3 Rg7 53.
Rf1 h6 54. Qf6 Qg5 55. Qf3 Qe3 56. Qg2 Rg5 57. Rf5 d3 58. Qb2+ Rg7 59. Qe5 d2
0-1

[Event "ÕÕÕII Nezhmetdinov Memorial"]
[Site "?"]
[Date "2010.06.01"]
[Round "2.44"]
[White "Yarullina, Alina"]
[Black "Garifulin, Ildar"]
[Result "1-0"]
[WhiteElo "2048"]
[BlackElo "1847"]
[PlyCount "71"]
[EventDate "2010.06.01"]
[SourceDate "2010.06.02"]

1. e4 e6 2. d3 d5 3. Nd2 c5 4. Ngf3 Nc6 5. g3 g6 6. Bg2 Bg7 7. O-O Nf6 8. Qe2
O-O 9. c3 e5 10. Nb3 dxe4 11. dxe4 b6 12. Bg5 Qc7 13. Rfd1 Bb7 14. Ne1 h6 15.
Bxf6 Bxf6 16. Nc2 Rad8 17. Ne3 Ne7 18. c4 Ba6 19. Qc2 Bg7 20. Nd5 Qb7 21. f4
Nc6 22. f5 Rfe8 23. Rac1 Nd4 24. Qf2 Qd7 25. Bh3 Qc6 26. fxg6 fxg6 27. Nxd4
cxd4 28. Rf1 Kh7 29. b3 Rf8 30. Qe2 Rxf1+ 31. Rxf1 Rf8 32. Rxf8 Bxf8 33. Qf3
Bg7 34. Qf7 Qd6 35. Ne7 h5 36. Be6 1-0

[Event "ÕÕÕII Nezhmetdinov Memorial"]
[Site "?"]
[Date "2010.06.02"]
[Round "3.1"]
[White "Zakhartsov, Viacheslav V"]
[Black "Sokolov, Sergei"]
[Result "1-0"]
[WhiteElo "2586"]
[BlackElo "2349"]
[PlyCount "79"]
[EventDate "2010.06.01"]
[SourceDate "2010.06.02"]

1. d4 d5 2. c4 c6 3. Nf3 Nf6 4. Nc3 e6 5. Bg5 h6 6. Bxf6 Qxf6 7. e3 Nd7 8. Bd3
dxc4 9. Bxc4 g6 10. O-O Qe7 11. e4 Bg7 12. Re1 O-O 13. e5 Rd8 14. Qe2 b6 15.
Rad1 Rb8 16. Bd3 Bb7 17. Be4 c5 18. Bxb7 Rxb7 19. Qe4 Rbb8 20. d5 Nf8 21. d6
Qb7 22. Qf4 Nd7 23. h4 b5 24. Ne4 c4 25. Rd4 Rbc8 26. h5 gxh5 27. Ng3 Nf8 28.
Nxh5 Ng6 29. Qg4 Bh8 30. Nh4 Kh7 31. Nxg6 fxg6 32. Nf4 g5 33. Nxe6 Rd7 34. Qf5+
Kg8 35. Qg6+ Bg7 36. Nxg7 Rxg7 37. Qe6+ Kh7 38. d7 Rd8 39. Qf5+ Kh8 40. e6 1-0

[Event "ÕÕÕII Nezhmetdinov Memorial"]
[Site "?"]
[Date "2010.06.02"]
[Round "3.2"]
[White "Kharlov, Andrei"]
[Black "Mikheev, Stanislav"]
[Result "1-0"]
[WhiteElo "2516"]
[BlackElo "2310"]
[PlyCount "65"]
[EventDate "2010.06.01"]
[SourceDate "2010.06.02"]

1. c4 Nf6 2. Nc3 e5 3. g3 Bb4 4. Bg2 O-O 5. e4 Nc6 6. Nge2 Bc5 7. O-O Nd4 8. h3
d6 9. d3 a6 10. Kh2 c6 11. f4 b5 12. Nxd4 Bxd4 13. Ne2 Bc5 14. d4 exd4 15. Nxd4
Bb7 16. e5 Bxd4 17. Qxd4 dxe5 18. Qxd8 Raxd8 19. fxe5 Nd7 20. cxb5 axb5 21. Bf4
Rfe8 22. Rfd1 Nc5 23. Rxd8 Rxd8 24. Be3 Nd3 25. a4 bxa4 26. Rxa4 Nxb2 27. Rb4
Nd1 28. Bg5 f6 29. Rxb7 fxg5 30. e6 Ne3 31. Bxc6 Nf5 32. g4 Nd6 33. Rd7 1-0

[Event "ÕÕÕII Nezhmetdinov Memorial"]
[Site "?"]
[Date "2010.06.02"]
[Round "3.3"]
[White "Gubaydulin, Talgat"]
[Black "Shcherbakov, Ruslan"]
[Result "0-1"]
[WhiteElo "2298"]
[BlackElo "2516"]
[PlyCount "71"]
[EventDate "2010.06.01"]
[SourceDate "2010.06.02"]

1. e4 e5 2. Nf3 Nc6 3. Bb5 a6 4. Ba4 Nf6 5. O-O b5 6. Bb3 Bc5 7. a4 Rb8 8. c3
d6 9. d4 Bb6 10. axb5 axb5 11. Qd3 O-O 12. Bg5 h6 13. Bxf6 Qxf6 14. Qxb5 Na7
15. dxe5 Qxf3 16. Qxb6 Rxb6 17. gxf3 Bh3 18. Re1 Nc6 19. Bd5 Nxe5 20. Re3 Ng6
21. b4 c6 22. Bc4 c5 23. Bf1 Bxf1 24. Kxf1 Rfb8 25. Nd2 cxb4 26. Rb1 bxc3 27.
Rxb6 Rxb6 28. Rxc3 Nf4 29. Rc1 g6 30. Nc4 Ra6 31. Rd1 Ra2 32. Nxd6 Nh3 33. Kg2
Nxf2 34. Rd4 Nxe4+ 35. Kh3 Ng5+ 36. Kg3 0-1

[Event "ÕÕÕII Nezhmetdinov Memorial"]
[Site "?"]
[Date "2010.06.02"]
[Round "3.4"]
[White "Askarov, Marat"]
[Black "Bushkov, Alexander V."]
[Result "1-0"]
[WhiteElo "2499"]
[BlackElo "2266"]
[PlyCount "77"]
[EventDate "2010.06.01"]
[SourceDate "2010.06.02"]

1. c4 c6 2. Nf3 d5 3. d4 Nf6 4. Qc2 e6 5. g3 Nbd7 6. Bg2 Bd6 7. O-O O-O 8. Nfd2
Qe7 9. Nc3 h6 10. a3 Re8 11. e3 b6 12. e4 Nxe4 13. Ndxe4 dxe4 14. Nxe4 Bc7 15.
b4 Bb7 16. Bb2 Nf8 17. Rfe1 Red8 18. Qc3 Ng6 19. f4 Qf8 20. a4 Rd7 21. b5 cxb5
22. axb5 Bd8 23. c5 Bd5 24. f5 Ne7 25. c6 Rc7 26. f6 Nxc6 27. bxc6 Rxc6 28.
fxg7 Qxg7 29. Qd3 a5 30. Nc3 Bxg2 31. Kxg2 Rac8 32. Re2 Be7 33. Rf1 Rc4 34. Ne4
Rb4 35. Ba3 Ra4 36. Ref2 f5 37. Qb3 Rac4 38. Nd2 a4 39. Qe3 1-0

[Event "ÕÕÕII Nezhmetdinov Memorial"]
[Site "?"]
[Date "2010.06.02"]
[Round "3.5"]
[White "Galliamova,  Alisa"]
[Black "Tokarev, Ilya"]
[Result "1-0"]
[WhiteElo "2487"]
[BlackElo "2257"]
[PlyCount "33"]
[EventDate "2010.06.01"]
[SourceDate "2010.06.02"]

1. d4 d5 2. c4 c6 3. Nf3 Nf6 4. Qb3 a6 5. Bg5 Ra7 6. Nc3 Be6 7. e3 Qa5 8. Bxf6
gxf6 9. cxd5 Bxd5 10. Bc4 e6 11. Bxd5 cxd5 12. O-O Nc6 13. e4 Bb4 14. exd5 Bxc3
15. dxc6 Bb4 16. cxb7 O-O 17. d5 1-0

[Event "ÕÕÕII Nezhmetdinov Memorial"]
[Site "?"]
[Date "2010.06.02"]
[Round "3.6"]
[White "Semenova, Elena"]
[Black "Alavkin, Arseny"]
[Result "0-1"]
[WhiteElo "2162"]
[BlackElo "2460"]
[PlyCount "52"]
[EventDate "2010.06.01"]
[SourceDate "2010.06.02"]

1. e4 e6 2. d4 d5 3. exd5 exd5 4. Bd3 c5 5. Nf3 Nf6 6. O-O Nc6 7. dxc5 Bxc5 8.
Nc3 O-O 9. Bg5 Be6 10. h3 h6 11. Bh4 g5 12. Bg3 Nh5 13. Bh2 Qf6 14. Ne5 Nf4 15.
Ng4 Bxg4 16. hxg4 Ne5 17. Bxf4 gxf4 18. Nxd5 Qh4 19. Qe2 Rae8 20. Qe4 f5 21.
gxf5 Ng4 22. Qxf4 Bd4 23. Bc4 Kh7 24. Qc7+ Kh8 25. f6 Bxf2+ 26. Rxf2 Qxf2+ 0-1

[Event "ÕÕÕII Nezhmetdinov Memorial"]
[Site "?"]
[Date "2010.06.02"]
[Round "3.7"]
[White "Ponfilenok, Vladimir"]
[Black "Mokshanov, Alexey"]
[Result "1-0"]
[WhiteElo "2451"]
[BlackElo "2227"]
[PlyCount "77"]
[EventDate "2010.06.01"]
[SourceDate "2010.06.02"]

1. d4 d5 2. Nf3 Nf6 3. c4 e6 4. g3 Be7 5. Bg2 O-O 6. O-O c6 7. Qc2 Nbd7 8. b3
b6 9. Rd1 Ba6 10. Nbd2 Rc8 11. e4 c5 12. exd5 exd5 13. Nf1 dxc4 14. d5 Bd6 15.
bxc4 Ne5 16. Ne3 Nxf3+ 17. Bxf3 Be5 18. Bb2 Bxb2 19. Qxb2 Bb7 20. a4 Rb8 21. a5
Ne8 22. axb6 axb6 23. Rab1 Ba8 24. Nf5 Qf6 25. Qxf6 Nxf6 26. Ne7+ Kh8 27. Nc6
Bxc6 28. dxc6 Rfc8 29. Rb3 Ne8 30. Rdb1 Nd6 31. Bd5 b5 32. cxb5 Rb6 33. Rc1
Rxb5 34. Rxb5 Nxb5 35. Rxc5 Nd6 36. Ra5 h6 37. Ra7 f6 38. Rd7 Ne8 39. c7 1-0

[Event "ÕÕÕII Nezhmetdinov Memorial"]
[Site "?"]
[Date "2010.06.02"]
[Round "3.9"]
[White "Predke, Alexandr"]
[Black "Pokudov, Zakhar"]
[Result "1-0"]
[WhiteElo "2417"]
[BlackElo "1794"]
[PlyCount "111"]
[EventDate "2010.06.01"]
[SourceDate "2010.06.02"]

1. e4 e6 2. d4 d5 3. exd5 exd5 4. Nf3 Nf6 5. Bg5 Be7 6. Bd3 O-O 7. O-O Bg4 8.
Nbd2 Nbd7 9. c3 c6 10. Re1 Bd6 11. Qc2 Qc7 12. Re3 Bh5 13. h3 Rae8 14. Rae1 Bg6
15. Nh4 Bh2+ 16. Kh1 Bf4 17. Bxf4 Qxf4 18. Nxg6 hxg6 19. Nf3 Rxe3 20. Rxe3 Re8
21. g3 Qc7 22. Qe2 Rxe3 23. Qxe3 Qd6 24. Kg2 Qf8 25. Ne5 Qd6 26. Qf4 Qb8 27.
Qe3 Qd6 28. g4 Qe6 29. f4 Qe7 30. Kf3 c5 31. Nxd7 Qxd7 32. dxc5 Qa4 33. g5 Nh5
34. b3 Qd7 35. Kg2 Qc7 36. Kf3 Qd7 37. Ke2 Qc7 38. f5 Nf4+ 39. Kd2 Nxd3 40.
Kxd3 gxf5 41. Kd4 f4 42. Qf3 g6 43. h4 Kg7 44. b4 b6 45. Qg4 bxc5+ 46. bxc5 a5
47. Qf3 a4 48. Qxd5 Qe7 49. Qe4 Qd7+ 50. Kc4 Qc7 51. Qd4+ Kh7 52. Qd6 Qc8 53.
Qxf4 Qe6+ 54. Kb5 a3 55. Qc4 Qf5 56. Kb4 1-0

[Event "ÕÕÕII Nezhmetdinov Memorial"]
[Site "?"]
[Date "2010.06.02"]
[Round "3.10"]
[White "Bezgodova, Svetlana"]
[Black "Kabanov, Nikolai"]
[Result "0-1"]
[WhiteElo "2112"]
[BlackElo "2517"]
[PlyCount "76"]
[EventDate "2010.06.01"]
[SourceDate "2010.06.02"]

1. Nf3 Nf6 2. g3 b5 3. Bg2 Bb7 4. O-O e6 5. d3 c5 6. e4 d6 7. e5 dxe5 8. Nxe5
Bxg2 9. Kxg2 Nbd7 10. Nxd7 Qxd7 11. Qf3 Rd8 12. a4 b4 13. Bg5 Be7 14. Nd2 h6
15. Bxf6 Bxf6 16. Nc4 O-O 17. Rfe1 b3 18. c3 Qxd3 19. Qxd3 Rxd3 20. Ra3 Rb8 21.
Re2 Bxc3 22. bxc3 Rxc3 23. Ne3 Rc1 24. Rb2 c4 25. a5 a6 26. h4 Kf8 27. Kf3 Ke7
28. Ke2 Rd8 29. Ra4 Rd4 30. Rb4 f5 31. Rb7+ Kf6 32. Rb6 g5 33. hxg5+ hxg5 34.
Rxa6 g4 35. Rc6 c3 36. Nxg4+ fxg4 37. Rxb3 Rd2+ 38. Ke3 Re1+ 0-1

[Event "ÕÕÕII Nezhmetdinov Memorial"]
[Site "?"]
[Date "2010.06.02"]
[Round "3.11"]
[White "Filipenko,  Alexander V"]
[Black "Bezgodov, Alexei"]
[Result "1/2-1/2"]
[WhiteElo "2345"]
[BlackElo "2494"]
[PlyCount "30"]
[EventDate "2010.06.01"]
[SourceDate "2010.06.02"]

1. e4 e5 2. Nf3 Nc6 3. Nc3 Nf6 4. Bb5 Bd6 5. O-O O-O 6. a3 Nd4 7. Bc4 c6 8. d3
Bc7 9. Ba2 d5 10. h3 h6 11. exd5 cxd5 12. Nxd4 exd4 13. Ne2 Bb6 14. b4 Nh5 15.
Bb2 Re8 1/2-1/2

[Event "ÕÕÕII Nezhmetdinov Memorial"]
[Site "?"]
[Date "2010.06.02"]
[Round "3.12"]
[White "Dimukhametov, Artur"]
[Black "Skomorokhin, Roman"]
[Result "1/2-1/2"]
[WhiteElo "2278"]
[BlackElo "2447"]
[PlyCount "79"]
[EventDate "2010.06.01"]
[SourceDate "2010.06.02"]

1. d4 d5 2. Nf3 e6 3. c4 dxc4 4. Qc2 a6 5. g3 b5 6. Bg2 Bb7 7. a4 Nf6 8. O-O
Nbd7 9. Nc3 b4 10. Nb1 c5 11. dxc5 Bxc5 12. Nbd2 Rc8 13. Nxc4 O-O 14. b3 Nb6
15. Nfd2 Bxg2 16. Kxg2 Bd4 17. Bb2 Bxb2 18. Qxb2 Nfd5 19. Qd4 Nxc4 20. Nxc4 Nc3
21. Qxd8 Rfxd8 22. Kf3 f6 23. Rfe1 Kf7 24. Rac1 e5 25. e4 h5 26. h4 Ke6 27. Nb6
Rb8 28. Nc4 g6 29. Re3 Rd4 30. Na5 Rc8 31. Ree1 Rc7 32. Rc2 Rd3+ 33. Kg2 Rd4
34. Kf3 Kd7 35. Nc4 Nxa4 36. Ra1 Nc5 37. Nb6+ Kd6 38. Nd5 Rc8 39. Rxa6+ Nxa6
40. Rxc8 1/2-1/2

[Event "ÕÕÕII Nezhmetdinov Memorial"]
[Site "?"]
[Date "2010.06.02"]
[Round "3.13"]
[White "Sharafiev, Azat"]
[Black "Poniaev, Ruslan"]
[Result "1/2-1/2"]
[WhiteElo "2447"]
[BlackElo "2256"]
[PlyCount "35"]
[EventDate "2010.06.01"]
[SourceDate "2010.06.02"]

1. d4 Nf6 2. Nf3 g6 3. c4 Bg7 4. Nc3 O-O 5. e4 d6 6. Be2 e5 7. O-O Na6 8. Be3
Ng4 9. Bg5 Qe8 10. h3 h6 11. Bh4 Nf6 12. dxe5 dxe5 13. Nd5 Nxe4 14. Be7 c6 15.
Bxf8 Qxf8 16. Ne3 Be6 17. Ng4 Qc5 18. Nd2 1/2-1/2

[Event "ÕÕÕII Nezhmetdinov Memorial"]
[Site "?"]
[Date "2010.06.02"]
[Round "3.14"]
[White "Gabdrakhmanov, Rafail"]
[Black "Gabaidulina, Olga"]
[Result "1-0"]
[WhiteElo "2362"]
[BlackElo "1857"]
[PlyCount "59"]
[EventDate "2010.06.01"]
[SourceDate "2010.06.02"]

1. d4 Nf6 2. c4 g6 3. g3 Bg7 4. Bg2 d5 5. cxd5 Nxd5 6. e4 Nb6 7. Ne2 O-O 8. O-O
Nc6 9. d5 Na5 10. Nbc3 c6 11. h3 cxd5 12. exd5 Nac4 13. b3 Nd6 14. Bf4 Bd7 15.
Rc1 Nb5 16. Qd2 Re8 17. Rfd1 Rc8 18. Ne4 Rxc1 19. Rxc1 e6 20. dxe6 Bxe6 21.
Qxd8 Rxd8 22. Nc5 Bd5 23. Rd1 Bf6 24. a4 Bxg2 25. Kxg2 Nc7 26. Nxb7 Ne6 27.
Nxd8 Nxd8 28. Bc7 Ne6 29. Bxb6 axb6 30. Kf3 1-0

[Event "ÕÕÕII Nezhmetdinov Memorial"]
[Site "?"]
[Date "2010.06.02"]
[Round "3.15"]
[White "Sadykov, Ramil"]
[Black "Ulanov, Alexandr"]
[Result "1-0"]
[WhiteElo "2207"]
[BlackElo "2364"]
[PlyCount "81"]
[EventDate "2010.06.01"]
[SourceDate "2010.06.02"]

1. e4 Nc6 2. Nf3 d5 3. exd5 Qxd5 4. Nc3 Qa5 5. d4 Bg4 6. Bb5 O-O-O 7. Bxc6 bxc6
8. Qd3 c5 9. O-O Bxf3 10. Qxf3 cxd4 11. Rd1 e5 12. Qf5+ Rd7 13. Rxd4 Nf6 14.
Bg5 Qb6 15. Rxd7 Nxd7 16. Qxf7 Bc5 17. Na4 Qc6 18. Nxc5 Nxc5 19. Qf5+ Nd7 20.
Rd1 h6 21. Be3 a6 22. c4 Rf8 23. Qg4 Rf6 24. Qe2 Rg6 25. f3 Re6 26. b4 Qa4 27.
b5 Rd6 28. Rb1 axb5 29. cxb5 Rd5 30. h3 Kb7 31. Qb2 Nc5 32. Qc1 Kb6 33. a3 e4
34. f4 g5 35. fxg5 hxg5 36. Kh2 Qa8 37. Qc4 Qd8 38. Rc1 Qd6+ 39. Kg1 Rf5 40. a4
Qd3 41. Bxc5+ 1-0

[Event "ÕÕÕII Nezhmetdinov Memorial"]
[Site "?"]
[Date "2010.06.02"]
[Round "3.16"]
[White "Shaposhnikov, Evgeny"]
[Black "Dogodkinà, Julia"]
[Result "1-0"]
[WhiteElo "2550"]
[BlackElo "2066"]
[PlyCount "53"]
[EventDate "2010.06.01"]
[SourceDate "2010.06.02"]

1. e4 e6 2. Qe2 c5 3. g3 Nc6 4. Bg2 g6 5. f4 Bg7 6. c3 Nge7 7. Nf3 d5 8. e5 d4
9. O-O O-O 10. d3 b5 11. cxd4 cxd4 12. Nbd2 Qb6 13. Ne4 Bb7 14. Bd2 Rad8 15. g4
f5 16. exf6 Bxf6 17. Neg5 Rd6 18. Nxe6 Re8 19. Neg5 Nd8 20. Rae1 a5 21. f5 Bc6
22. Ne4 Nd5 23. Qf2 Nf7 24. g5 Bg7 25. Nxd6 Nxd6 26. f6 Bf8 27. Ne5 1-0

[Event "ÕÕÕII Nezhmetdinov Memorial"]
[Site "?"]
[Date "2010.06.02"]
[Round "3.17"]
[White "Malin, Denis"]
[Black "Vasenev, Sergey"]
[Result "0-1"]
[WhiteElo "2068"]
[BlackElo "2284"]
[PlyCount "56"]
[EventDate "2010.06.01"]
[SourceDate "2010.06.02"]

1. d4 d5 2. c4 dxc4 3. e4 e5 4. Nf3 exd4 5. Bxc4 Nc6 6. O-O Bc5 7. Nbd2 Bb6 8.
b4 Qe7 9. a4 a5 10. b5 Nb4 11. Nb3 Bg4 12. e5 O-O-O 13. Bg5 f6 14. exf6 Nxf6
15. Re1 Qd6 16. h3 Bf5 17. Ne5 Nc2 18. Nf7 Qb4 19. Nd2 Rhe8 20. Rxe8 Rxe8 21.
Rb1 Qc5 22. Qf1 Ne4 23. Rc1 Nxd2 24. Bxd2 d3 25. Bxd3 Bxd3 26. Qxd3 Qxf2+ 27.
Kh1 Ne1 28. Nd6+ Kb8 0-1

[Event "ÕÕÕII Nezhmetdinov Memorial"]
[Site "?"]
[Date "2010.06.02"]
[Round "3.19"]
[White "Beliaev, Vasily"]
[Black "Ospennikov, Dmitry V"]
[Result "0-1"]
[WhiteElo "2064"]
[BlackElo "2243"]
[PlyCount "82"]
[EventDate "2010.06.01"]
[SourceDate "2010.06.02"]

1. e4 e5 2. Nf3 Nc6 3. Bc4 Bc5 4. O-O Nf6 5. d4 exd4 6. e5 d5 7. exf6 dxc4 8.
fxg7 Rg8 9. Bg5 Qd6 10. Re1+ Be6 11. Nbd2 Qd5 12. Ne4 Be7 13. Bxe7 Kxe7 14.
Nfg5 Rxg7 15. Qf3 Rag8 16. Qf6+ Kf8 17. Qh6 Ke7 18. Qh4 Ne5 19. Nf3+ Kf8 20.
Nxe5 Rxg2+ 21. Kh1 Qxe5 22. Ng3 Qd5 23. Ne4 R8g7 24. f3 Rxc2 25. Rg1 Rg6 26.
Rxg6 hxg6 27. Qh8+ Ke7 28. Qh4+ g5 29. Nxg5 Kd7 30. Ne4 Kc6 31. Qf4 Qf5 32. Qg3
Qh3 33. Qxh3 Bxh3 34. Ng5 Bg2+ 35. Kg1 f6 36. Ne6 Rxb2 37. Nxd4+ Kc5 38. Ne6+
Kb6 39. a4 Bxf3 40. a5+ Kc6 41. Nd4+ Kd5 0-1

[Event "ÕÕÕII Nezhmetdinov Memorial"]
[Site "?"]
[Date "2010.06.02"]
[Round "3.20"]
[White "Shabalin, Evgeny"]
[Black "Yarullina, Alina"]
[Result "1/2-1/2"]
[WhiteElo "2233"]
[BlackElo "2048"]
[PlyCount "69"]
[EventDate "2010.06.01"]
[SourceDate "2010.06.02"]

1. c4 c5 2. Nc3 Nc6 3. g3 g6 4. Bg2 Bg7 5. e3 e5 6. Nge2 Nge7 7. O-O O-O 8. d4
exd4 9. exd4 Nxd4 10. Nxd4 cxd4 11. Nb5 d5 12. cxd5 a6 13. Nxd4 Nxd5 14. Re1
Rb8 15. a4 Nb6 16. Bf4 Ra8 17. Nc6 Qxd1 18. Ne7+ Kh8 19. Raxd1 Bg4 20. Rd3 Nxa4
21. Ra3 Nxb2 22. Bxb7 Ra7 23. Bd5 a5 24. Be5 Bxe5 25. Rxe5 Rc7 26. Re1 a4 27.
Kg2 Be6 28. Bxe6 Rxe7 29. Re2 Rb8 30. Bg4 Rxe2 31. Bxe2 Kg7 32. Bf3 Rb4 33. Bc6
Rb3 34. Rxb3 axb3 35. Bd5 1/2-1/2

[Event "ÕÕÕII Nezhmetdinov Memorial"]
[Site "?"]
[Date "2010.06.02"]
[Round "3.21"]
[White "Husnullin, Ramil"]
[Black "Terentyev, Vitaly"]
[Result "1/2-1/2"]
[WhiteElo "2196"]
[BlackElo "2000"]
[PlyCount "119"]
[EventDate "2010.06.01"]
[SourceDate "2010.06.03"]

1. e4 e5 2. Nf3 Nf6 3. Nxe5 d6 4. Nf3 Nxe4 5. d4 d5 6. Bd3 Be7 7. O-O O-O 8. c4
c6 9. Nc3 Nxc3 10. bxc3 Be6 11. c5 Nd7 12. Bf4 b6 13. cxb6 axb6 14. Ne5 Nxe5
15. Bxe5 Bf6 16. Bxf6 Qxf6 17. Qb1 h6 18. Qxb6 Rab8 19. Qc7 Rb2 20. a4 Rc8 21.
Qe5 Qxe5 22. dxe5 c5 23. Bb5 Bf5 24. Rfd1 Rd8 25. Bc6 d4 26. a5 Rc8 27. a6 Rxc6
28. a7 Rc8 29. a8=Q Rxa8 30. Rxa8+ Kh7 31. cxd4 cxd4 32. h3 d3 33. Rd8 Re2 34.
g4 Bg6 35. f4 Be4 36. f5 Rg2+ 37. Kf1 Rh2 38. Re1 Bc6 39. e6 d2 40. Re3 Rh1+
41. Ke2 Rh2+ 42. Kf1 Rh1+ 43. Kf2 d1=Q 44. Rxd1 Rxd1 45. exf7 Rd2+ 46. Kg3 Rd8
47. Re6 Bb5 48. h4 Bc4 49. g5 hxg5 50. hxg5 Bxe6 51. fxe6 Kg6 52. Kf4 Rf8 53.
Ke5 Rxf7 54. exf7 Kxf7 55. Kf5 Kf8 56. Ke6 Ke8 57. g6 Kf8 58. Kd7 Kg8 59. Ke7
Kh8 60. Kf8 1/2-1/2

[Event "ÕÕÕII Nezhmetdinov Memorial"]
[Site "?"]
[Date "2010.06.02"]
[Round "3.22"]
[White "Sannikov, Grigory"]
[Black "Bezgodova, Maria"]
[Result "0-1"]
[WhiteElo "2059"]
[BlackElo "2193"]
[PlyCount "148"]
[EventDate "2010.06.01"]
[SourceDate "2010.06.03"]

1. e4 e5 2. Nf3 Nc6 3. Nc3 Nf6 4. d4 exd4 5. Nxd4 Bb4 6. Nxc6 bxc6 7. Bd3 d5 8.
exd5 cxd5 9. O-O O-O 10. Bg5 c6 11. Qf3 Qd6 12. h3 Ba5 13. Bf4 Qd8 14. Ne2 Bc7
15. Ng3 Bxf4 16. Qxf4 Be6 17. Rfe1 Qb8 18. Qg5 Qxb2 19. Rab1 Qd4 20. Ne2 Qc5
21. Nf4 Bd7 22. Rb7 Rfe8 23. Reb1 Bc8 24. R7b3 Qe7 25. c4 h6 26. Qg3 dxc4 27.
Bxc4 Ne4 28. Qg6 Nd6 29. Re3 Bf5 30. Rxe7 Bxg6 31. Rxe8+ Rxe8 32. Nxg6 Nxc4 33.
Nf4 Nb6 34. Rc1 Rc8 35. Nd3 Kf8 36. Kf1 Ke7 37. Ke2 Kd6 38. Nc5 Nd5 39. g3 Rb8
40. Nb3 Nb4 41. Rd1+ Kc7 42. Rd2 Nxa2 43. Rxa2 Rxb3 44. Rxa7+ Rb7 45. Ra4 Kd6
46. Rg4 g6 47. Rf4 Kd5 48. Kd3 c5 49. Kc3 Ra7 50. h4 h5 51. g4 hxg4 52. Rxg4
Ra3+ 53. Kd2 Rf3 54. Ke2 Rf5 55. Ra4 Kc6 56. Ke3 Kb5 57. Ra7 Kc4 58. Rc7 Kb4
59. Kd3 Kb5 60. Ke3 Kc4 61. f3 Kb3 62. Ke4 c4 63. h5 Rxh5 64. Rb7+ Kc2 65. Rxf7
c3 66. Rf6 Rg5 67. Rc6 Kd2 68. Rd6+ Kc1 69. Rc6 c2 70. Kd3 Rg2 71. Kc3 Rf2 72.
Rf6 g5 73. Rf5 g4 74. Rd5 Rxf3+ 0-1

[Event "ÕÕÕII Nezhmetdinov Memorial"]
[Site "?"]
[Date "2010.06.02"]
[Round "3.23"]
[White "Fedoseev, Vladimir"]
[Black "Mukhametgaleeva, Railia"]
[Result "1-0"]
[WhiteElo "2183"]
[BlackElo "1932"]
[PlyCount "55"]
[EventDate "2010.06.01"]
[SourceDate "2010.06.03"]

1. e4 c5 2. Nf3 e6 3. c3 Nf6 4. e5 Nd5 5. d4 cxd4 6. cxd4 b6 7. Nc3 Bb7 8. Bd3
Na6 9. Nxd5 Bxd5 10. Bxa6 b5 11. O-O Qb6 12. Bxb5 Qxb5 13. b3 Be7 14. Rb1 O-O
15. a4 Qb7 16. Re1 Rac8 17. Bd2 f6 18. Re3 fxe5 19. Nxe5 Bxg2 20. Qg4 d6 21.
Qxe6+ Kh8 22. Nf7+ Rxf7 23. Qxf7 Be4 24. Rbe1 Rf8 25. Qh5 g6 26. Qh3 Rf4 27. f3
Bf5 28. Rxe7 1-0

[Event "ÕÕÕII Nezhmetdinov Memorial"]
[Site "?"]
[Date "2010.06.02"]
[Round "3.24"]
[White "Kamov, Igor"]
[Black "Bibilashvili, Anna"]
[Result "1/2-1/2"]
[WhiteElo "2179"]
[BlackElo "1920"]
[PlyCount "92"]
[EventDate "2010.06.01"]
[SourceDate "2010.06.03"]

1. d4 Nf6 2. c4 e6 3. Nc3 Bb4 4. Qc2 c5 5. a3 Bxc3+ 6. bxc3 O-O 7. Nf3 d6 8. e4
Nc6 9. Bd3 e5 10. d5 Na5 11. O-O b6 12. Rb1 Ba6 13. Qe2 h6 14. Nh4 Nxd5 15.
cxd5 Bxd3 16. Qxd3 Qxh4 17. f4 exf4 18. Bxf4 Nb7 19. Rbe1 f6 20. Qb5 Qg4 21. h3
Qc8 22. Rf3 Qc7 23. Rg3 Kh8 24. Qe2 Qf7 25. Qg4 Rae8 26. Qf5 g5 27. Bd2 Re5 28.
Qf1 f5 29. Rf3 f4 30. c4 Kh7 31. h4 Qg6 32. hxg5 hxg5 33. Qe2 Kg8 34. Rf2 Rfe8
35. Qg4 Kf7 36. Rfe2 Nd8 37. Bc3 R5e7 38. e5 dxe5 39. Bxe5 Nb7 40. Bc7 Rxe2 41.
Rxe2 Rxe2 42. Qxe2 Qf6 43. Be5 Qg6 44. Qg4 Qb1+ 45. Kh2 Qh7+ 46. Kg1 Qb1+
1/2-1/2

[Event "ÕÕÕII Nezhmetdinov Memorial"]
[Site "?"]
[Date "2010.06.02"]
[Round "3.25"]
[White "Talipov, Nafis"]
[Black "Zenzera, Alexey"]
[Result "0-1"]
[WhiteElo "2050"]
[BlackElo "2170"]
[PlyCount "62"]
[EventDate "2010.06.01"]
[SourceDate "2010.06.03"]

1. c4 Nf6 2. Nc3 c5 3. g3 e6 4. Bg2 d5 5. cxd5 exd5 6. d4 cxd4 7. Qxd4 Nc6 8.
Qa4 d4 9. Nb5 Bb4+ 10. Kf1 O-O 11. Bg5 h6 12. Bxf6 Qxf6 13. Nc7 Rb8 14. Nd5 Qd6
15. Nxb4 Nxb4 16. a3 Nc6 17. Rd1 b5 18. Qc2 Ne5 19. Nf3 d3 20. Qc3 Bg4 21. h3
Rbc8 22. Qe1 Bxf3 23. Bxf3 Rc2 24. Kg2 d2 25. Qf1 Rxb2 26. Be4 Qxa3 27. e3 Qb4
28. Bb1 Rd8 29. Qe2 Qc4 30. Qh5 Qc6+ 31. f3 Nc4 0-1

[Event "ÕÕÕII Nezhmetdinov Memorial"]
[Site "?"]
[Date "2010.06.02"]
[Round "3.26"]
[White "Pavlov, Viktor"]
[Black "Vasilov,  Artur"]
[Result "0-1"]
[WhiteElo "2033"]
[BlackElo "2165"]
[PlyCount "110"]
[EventDate "2010.06.01"]
[SourceDate "2010.06.03"]

1. d4 Nf6 2. e3 e6 3. Bd3 c5 4. c3 b6 5. f4 Bb7 6. Nf3 Be7 7. O-O O-O 8. Nbd2
Nd5 9. Ne4 f5 10. Ng3 Qc7 11. Ne5 d6 12. Nf3 c4 13. Bc2 Nf6 14. Ng5 Qd7 15. Qe2
h6 16. Nf3 Qc6 17. Bd2 Nbd7 18. Rae1 Ne4 19. Bc1 Nxg3 20. hxg3 Nf6 21. Nd2 d5
22. Nf3 Qe8 23. Ne5 Bd6 24. Bd1 Bc6 25. Qc2 h5 26. Bf3 Bxe5 27. fxe5 Nh7 28.
Kf2 g5 29. Rh1 g4 30. Bd1 Ng5 31. Kg1 Ne4 32. Kh2 Kg7 33. Kg1 Nxg3 34. Qf2 Nxh1
35. Kxh1 h4 36. Qf4 Qh5 37. Rf1 Kg6 38. Bd2 Qg5 39. Qf2 g3 40. Qe2 h3 41. gxh3
Qh4 42. Kg2 Rh8 43. Rh1 Rag8 44. Qf3 Kf7 45. Be1 Rh7 46. Bc2 Ke7 47. b3 b5 48.
bxc4 bxc4 49. a4 Be8 50. Bxf5 exf5 51. Qxf5 Bg6 52. Qf6+ Qxf6 53. exf6+ Kxf6
54. Rf1+ Ke6 55. Bxg3 Be4+ 0-1

[Event "ÕÕÕII Nezhmetdinov Memorial"]
[Site "?"]
[Date "2010.06.02"]
[Round "3.27"]
[White "Safin, Ravgat"]
[Black "Sanzhaev, Darsen"]
[Result "0-1"]
[WhiteElo "2000"]
[BlackElo "2150"]
[PlyCount "98"]
[EventDate "2010.06.01"]
[SourceDate "2010.06.03"]

1. d4 c5 2. c3 d5 3. Nf3 Nc6 4. g3 Nf6 5. Bg2 Bf5 6. O-O e6 7. Qa4 Qd7 8. Bf4
h6 9. a3 a6 10. b4 cxd4 11. Nxd4 Nxd4 12. Qxd7+ Kxd7 13. cxd4 g5 14. Be5 Be7
15. f3 Rhc8 16. Ra2 Bxb1 17. Rxb1 Ne8 18. g4 f6 19. Bg3 Bd6 20. Kf2 Rc3 21. h4
Bf4 22. hxg5 Be3+ 23. Kf1 hxg5 24. Bf2 Nd6 25. Bxe3 Rxe3 26. Kf2 Nc4 27. a4 Rh8
28. a5 Rc3 29. Raa1 Kc6 30. Rc1 Rxc1 31. Rxc1 Kb5 32. Rb1 Na3 33. Rb2 Rc8 34.
Bf1 Rc2 35. Rb3 Ka4 36. Re3 Rc6 37. f4 Nc4 38. Rf3 Nd2 39. Rh3 gxf4 40. Rh7
Ne4+ 41. Kg2 b5 42. axb6 Rxb6 43. Ra7 Kxb4 44. e3 fxe3 45. Bxa6 Rxa6 46. Rxa6
e2 47. Ra1 Kc3 48. Kf3 Kd3 49. Ra3+ Nc3 0-1